Public papers of the Secretaries-General of the United Nations. (Record no. 3724)

MARC details
000 -LEADER
fixed length control field 01431cam a22003371 4500
001 - CONTROL NUMBER
control field 4065553
003 - CONTROL NUMBER IDENTIFIER
control field OSt
005 - DATE AND TIME OF LATEST TRANSACTION
control field 20230704111302.0
008 - FIXED-LENGTH DATA ELEMENTS--GENERAL INFORMATION
fixed length control field 700802m19691977nyu b 000 0 eng
010 ## - LIBRARY OF CONGRESS CONTROL NUMBER
LC control number 68008873
020 ## - INTERNATIONAL STANDARD BOOK NUMBER
International Standard Book Number 0231036337 (v. 2)
040 ## - CATALOGING SOURCE
Original cataloging agency DLC
Transcribing agency DLC
Modifying agency DLC
-- OCoLC
050 00 - LIBRARY OF CONGRESS CALL NUMBER
Classification number JZ4984.5
Item number .C67 1969
082 00 - DEWEY DECIMAL CLASSIFICATION NUMBER
Classification number 341.23/08
Item number COR
100 1# - MAIN ENTRY--PERSONAL NAME
Personal name Cordier, Andrew W.
Fuller form of name (Andrew Wellington),
Dates associated with a name 1901-
Relator term comp.
245 10 - TITLE STATEMENT
Title Public papers of the Secretaries-General of the United Nations.
Statement of responsibility, etc. Selected and edited with commentary by Andrew W. Cordier and Wilder Foote.
260 ## - PUBLICATION, DISTRIBUTION, ETC. (IMPRINT)
Place of publication, distribution, etc. New York,
Name of publisher, distributor, etc. Columbia University Press,
Date of publication, distribution, etc. 1969-77.
300 ## - PHYSICAL DESCRIPTION
Extent 8 v.
Dimensions 24 cm.
500 ## - GENERAL NOTE
General note Vols. 6-8 selected and edited by A. W. Cordier and M. Harrelson.
504 ## - BIBLIOGRAPHY, ETC. NOTE
Bibliography, etc Includes bibliographical references.
505 0# - FORMATTED CONTENTS NOTE
Formatted contents note v. 1. Trygve Lie: 1946-53.--v. 2. Dag Hammarskjöld: 1953-1956.--v. 3. Dag Hammarskjöld: 1956-1957.--v. 4. Dag Hammarskjöld, 1958-1960.--v. 5. Dag Hammarskjöld: 1960-1961.--v. 6. U Thant: 1961-1964.--v. 7. U Thant: 1965-1967.--v. 8. U Thant: 1968-1971.
610 20 - SUBJECT ADDED ENTRY--CORPORATE NAME
Corporate name or jurisdiction name as entry element United Nations.
700 1# - ADDED ENTRY--PERSONAL NAME
Personal name Foote, Wilder,
Relator term joint comp.
700 1# - ADDED ENTRY--PERSONAL NAME
Personal name Harrelson, Max,
Relator term joint comp.
700 1# - ADDED ENTRY--PERSONAL NAME
Personal name Lie, Trygve,
Dates associated with a name 1896-1968.
700 1# - ADDED ENTRY--PERSONAL NAME
Personal name Hammarskjöld, Dag,
Dates associated with a name 1905-1961.
700 0# - ADDED ENTRY--PERSONAL NAME
Personal name Thant,
Titles and other words associated with a name U,
Dates associated with a name 1909-1974.
906 ## - LOCAL DATA ELEMENT F, LDF (RLIN)
a 7
b cbc
c orignew
d u
e ncip
f 19
g y-gencatlg
942 ## - ADDED ENTRY ELEMENTS (KOHA)
Source of classification or shelving scheme Dewey Decimal Classification
Koha item type Books
Holdings
Withdrawn status Lost status Source of classification or shelving scheme Damaged status Not for loan Home library Current library Date acquired Total Checkouts Full call number Barcode Date last seen Price effective from Koha item type
    Dewey Decimal Classification     County Hall Archives County Hall Archives 07/04/2023   341.23/08 COR 10000207 07/04/2023 07/04/2023 Books
    Dewey Decimal Classification     County Hall Archives County Hall Archives 07/04/2023   341.23/08 COR 10000208 07/04/2023 07/04/2023 Books
    Dewey Decimal Classification     County Hall Archives County Hall Archives 07/04/2023   341.23/08 COR 10000209 07/04/2023 07/04/2023 Books
LIBRARY OPENING HOURS

When the Parliament is sitting: 8.00a.m - 7.00p.m or until the house adjourns
Mondays and Fridays and when the House is on Recess:  8.00a.m - 5.00p.m
Closed on Weekends and Public Holidays

Online Public Access Catalog (OPAC)
Website: http://www.parliament.go.ke
Bunge Library: https://libraryir.parliament.go.ke
Contact: library@parliament.go.ke | Tel no: (254-2)2221291 or 2848000 Ext 5043